Kreikkaa lähimpänä olevat valtiot - Statistics

Yleistilastot
  • Tätä visaa on pelattu 489 kertaa
  • Keskiarvotulos 17 / 20
Vastaustilastot
km Valtio % Oikein
0 Turkki
97%
78 Italia
95%
263 Kypros
93%
0 Albania
91%
270 Kroatia
90%
0 Pohjois-Makedonia
90%
0 Bulgaria
89%
114 Kosovo
89%
114 Serbia
89%
235 Romania
88%
282 Bosnia ja Hertsegovina
87%
178 Montenegro
83%
375 Egypti
80%
566 Unkari
78%
572 Malta
77%
444 Moldova
76%
433 Ukraina
76%
259 Libya
65%
554 Syyria
63%
587 Libanon
60%
Ehtoja vastaavia visoja ei löytynyt
Tulosjakauma
Jokaisen tuloksen saaneiden osuus
Persentiili vastausten määrän mukaan
Tuloshistoriasi
Et ole pelannut tätä visaa